IFRS visuell <Die> IFRS in strukturierten Übersichten

Na minha lista:
Detalhes bibliográficos
Formato: Livro
Idioma:alemão
Publicado em: Stuttgart Schäffer-Poeschel Verlag 2019
Edição:8. überarbeitete Auflage
Assuntos:
Tags: Adicionar Tag
Sem tags, seja o primeiro a adicionar uma tag!

MARC

LEADER 00000nam a2200000 4500
001 0257237
005 20230105093032.1
020 |a 978-3-7910-4357-9 
020 |a 978-3-7910-4358-6 
041 0 |a ger 
044 |a DE 
245 1 0 |a IFRS visuell  |b <Die> IFRS in strukturierten Übersichten 
250 |a 8. überarbeitete Auflage 
264 1 |a Stuttgart  |b Schäffer-Poeschel Verlag  |c 2019 
300 |a 260 s. 
610 2 0 |a štandardy účtovné medzinárodné 
610 2 0 |a výkazníctvo účtovné 
610 2 0 |a výkazníctvo finančné 
610 2 0 |a pravidlá účtovné 
610 2 0 |a nástroje finančné 
610 2 0 |a schémy organizačné 
610 2 0 |a IFRS 
610 2 0 |a IAS 
610 2 0 |a IFRIC